000 00982nam0a22002651 4500
001 rc\103078
005 20021216133250.7
010 _a5-201-05309-2
_9300
035 _a(NLR Aleph) 005365693
090 _a6945856
_c6945856
100 _a20021216d1991 u |0rusy50 ca
101 0 _arus
102 _aRU
105 _ay |||||||||
200 1 _aЛатинская Америка: новое в развитии энергетики
_e[Сб. ст.]
_fАН СССР. Ин-т Латин. Америки
_g[Редкол.: Тарасов К.С. (отв. ред.), Булавин В.И.]
210 _aМ.
_cИЛА
_d1991
215 _a172, [1] с.
_d20
320 _aБиблиогр. в конце ст.
702 1 _aТарасов
_bК. С.
_gКонстантин Сергеевич
_4340
712 0 2 _aИнститут Латинской Америки
_cМосква
801 0 _aRU
_bNLR
_gpsbo
801 1 _aRU
_bELAR
_2rusmarc
852 _aNLR
_j91-3/10711
942 _cBOOK
980 _aNB